000 02814cam a22004574i 4500
003 PE-LiUPU
005 20250731165437.0
008 160520s2016 pe a grm 000 0 spa d
035 _a(Sirsi) a156778
040 _aPE-LiUPU
_bspa
_cPE-LiUPU
_erda
099 _aTNH 2
_b E87 2016
100 1 _aEspinoza Calle, Leslie Emilin
_eautor
245 1 _aEfectividad del programa "Vive mejor sin diabetes" en las actitudes y prácticas sobre hábitos alimentarios en los miembros de la Iglesia Adventista del Séptimo Día de Canto Grande San Juan de Lurigancho, Lima, 2015 /
_cLeslie Emilin Espinoza Calle.
264 0 _c2016.
300 _a147 hojas :
_bilustraciones;
_c30 cm
336 _atext
_2rdacontent
337 _aunmediated
_2rdamedia
338 _avolume
_2rdacarrier
502 _aTesis
_b(Lic.) --
_cUniversidad Peruana Unión,
_d2016.
504 _aIncluye referencias
520 3 _aEl objetivo fue determinar la efectividad del programa "Vive mejor sin diabetes" en las actitudes y prácticas sobre hábitos alimentarios en los miembros de la Iglesia Adventista del Séptimo Día de Canto Grande San Juan de Lurigancho. La metodología fue de enfoque cuantitativo, de diseño pre-experimental (pre-post) y de corte longitudinal. La muestra estuvo conformada por 30 participantes de ambos sexos, 40% masculino y 60% femenino, seleccionados mediante muestreo no probabilístico de tipo por conveniencia. El programa tuvo una duración de 4 meses, 2 veces por semana (sábados para el desarrollo de sesiones de clase y domingo, reforzamiento), asimismo estuvo diseñado en 5 módulos (clasificación de alimentos, alimentación saludable, conductas alimentarias, factores protectores de la salud, diabetes mellitus tipo II) de 15 sesiones educativas con la metodología de plan de clase. Cada sesión tuvo una duración de 1 h en cada Iglesia (Efeso y la congregación Renacer. Resultado: al término de la investigación tuvo efectos positivos (p-valor 0,000) sobre actitudes y prácticas, concluyendo que el programa "Vive mejor sin diabetes" fue efectivo en las actitudes y prácticas sobre hábitos alimentarios de los miembros de la Iglesia Adventista del Séptimo Día.
526 _aSEG44
526 _aSEG26
526 _aP151
526 _aP150
526 _aP149
526 _aP146
526 _aP145
526 _aP126
526 _aP125
526 _aP92
526 _aP75
526 _aP74
526 _aP27
526 _aP15
650 0 4 _aAdventistas del Séptimo Día
_xHábitos alimentarios
_vTesis.
700 1 _aHuaylinos Maguiña, Ana Raquel
_eautor
596 _a1
942 _2ddc
_cTESIS
999 _aTNH 2 E87 2016
_wALPHANUM
_c9427
_iT01948
_lCCODEBUL3
_mBUL
_r1
_sY
_tTESIS
_u2016-5-20
_xSALUD
_PP30
_o.STAFF. Tesis
_d9427
980 _81
_gALBERTO SANCHEZ Responsable de Automatización